History Quiz

Random History or Discovery Quiz

To the Moon! Quiz Stats

 Plays Quiz Updated Jul 20, 2017

Support Sporcle.
Go Orange.
Score 0/16 Timer 03:00
7 Plays Today
Type of Exploration Country % Correct
Manned Lunar LandingUnited States
99.8%
Lunar LanderUnited States
99.8%
Lunar OrbiterUnited States
99.8%
Lunar ImpactorUnited States
99.8%
Lunar RoverSoviet Union
99.5%
Lunar Sample ReturnSoviet Union
99.5%
Lunar LanderSoviet Union
99.5%
Lunar OrbiterSoviet Union
99.5%
Type of Exploration Country % Correct
Lunar ImpactorSoviet Union
99.5%
Lunar OrbiterChina
96.4%
Lunar ImpactorChina
96.4%
Lunar OrbiterEuropean Space Agency
94.7%
Lunar ImpactorJapan
86.4%
Lunar OrbiterJapan
86.4%
Lunar ImpactorIndia
75.6%
Lunar OrbiterIndia
75.6%

You're not logged in!

Compare scores with friends on all Sporcle quizzes.
OR
Log In
Forgot?

From the Vault

Pixel Art - NFL Team III

by goc3

This is just pixel perfect.
Remove Ads.
Support Sporcle.
Get the best of Sporcle when you Go Orange. This ad-free experience offers more features, more stats, and more fun while also helping to support Sporcle. Thank you for becoming a member.

Show Comments

Extras

Top Quizzes Today


Score Distribution

Your Account Isn't Verified!

In order to create a playlist on Sporcle, you need to verify the email address you used during registration. Go to your Sporcle Settings to finish the process.

Report this User

Report this user for behavior that violates our Community Guidelines.

Details: